Catálogo público

¿Quién se ha llevado mi queso? / (Record no. 207779)

MARC details
000 -CABECERA
campo de control de longitud fija 00748nam a2200277Ia 4500
001 - NÚMERO DE CONTROL
campo de control Para_9001
003 - IDENTIFICADOR DEL NÚMERO DE CONTROL
campo de control CHAP
008 - DATOS DE LONGITUD FIJA--INFORMACIÓN GENERAL
campo de control de longitud fija 220125s2000 xx 000 0 und d
010 ## - NÚMERO DE CONTROL DE LA BIBLIOTECA DEL CONGRESO
Número de control de LC 207779
040 ## - FUENTE DE LA CATALOGACIÓN
Centro/agencia transcriptor CHAP
082 ## - NÚMERO DE LA CLASIFICACIÓN DECIMAL DEWEY
Número de clasificación PA 646.7 D63
100 ## - ENTRADA PRINCIPAL--NOMBRE DE PERSONA
Nombre de persona Johnson, Spencer
9 (RLIN) 174273
245 ## - MENCIÓN DE TÍTULO
Título ¿Quién se ha llevado mi queso? /
Mención de responsabilidad, etc. por Spencer Johnson
260 ## - PUBLICACIÓN, DISTRIBUCIÓN, ETC.
Lugar de publicación, distribución, etc. Barcelona, España :
Nombre del editor, distribuidor, etc. Ediciones Urano
300 ## - DESCRIPCIÓN FÍSICA
Extensión 106 p.
500 ## - NOTA GENERAL
Nota general Reimpresión 2012
650 ## - PUNTO DE ACCESO ADICIONAL DE MATERIA--TÉRMINO DE MATERIA
Término de materia o nombre geográfico como elemento de entrada Motivación (psicología)
9 (RLIN) 79090
650 ## - PUNTO DE ACCESO ADICIONAL DE MATERIA--TÉRMINO DE MATERIA
Término de materia o nombre geográfico como elemento de entrada Superación personal
9 (RLIN) 143097
901 ## - ELEMENTOS DE DATOS A LOCAL LDA (RLIN)
a PA 646.7 D63
902 ## - ELEMENTOS DE DATOS B LOCAL, LDB (RLIN)
a M
905 ## - ELEMENTOS DE DATOS E LOCAL, LDE (RLIN)
a 0000002000 a 0000000000 00
910 ## - DATOS DE OPCIÓN DEL USUARIO (OCLC)
Datos de opción del usuario 2000
942 ## - ELEMENTOS DE PUNTO DE ACCESO ADICIONAL (KOHA)
Tipo de ítem Koha Parasitologia_
942 ## - ELEMENTOS DE PUNTO DE ACCESO ADICIONAL (KOHA)
Tipo de ítem Koha Parasitologia_
-- 1
Holdings
Estado de retiro Estado de pérdida Fuente del sistema de clasificación o colocación Estado dañado Restricciones de uso No para préstamo Código de colección Localización permanente Ubicación/localización actual Fecha de adquisición Número de inventario Total de préstamos Signatura topográfica completa Código de barras Fecha visto por última vez Número de copia Precio válido a partir de Tipo de ítem Koha Nota pública
    Dewey Decimal Classification   Préstamo 3 días   General Parasitologia Agricola Parasitologia Agricola 09/05/2013 (PA_09928) (No. UACh C/E)   PA 646.7 D63 4102003857 25/01/2022 Ej.3 25/01/2022 Libro 3
    Dewey Decimal Classification   Préstamo interno   General Parasitologia Agricola Parasitologia Agricola 27/10/2005 (PA_8769) (No. UACh C/E)   PA 646.7 D63 4102003855 25/01/2022 Ej.1 25/01/2022 Libro 3
    Dewey Decimal Classification   Préstamo 3 días   General Parasitologia Agricola Parasitologia Agricola 09/05/2013 (PA_09927) (No. UACh C/E)   PA 646.7 D63 4102003856 25/01/2022 Ej.2 25/01/2022 Libro 3